Statistics for Tim Burton-Johnny Depp Movies

Click here to take the quiz!

General Stats

  • This quiz has been taken 1,220 times
  • The average score is 5 of 8

Answer Stats

Year Movie % Correct
1990Edward Scissorhands
90%
2010Alice in Wonderland
81%
2005 (voice role)Corpse Bride
75%
2007Sweeney Todd: The Demon Barber of Fleet Street
73%
2005Charlie and the Chocolate Factory
64%
1999Sleepy Hollow
55%
2012Dark Shadows
54%
1994Ed Wood
40%

Score Distribution

Percentile by Number Answered

Percent of People with Each Score

Your Score History

You have not taken this quiz